000 00488nam a2200181Ia 4500
003 LK-CoDNM
008 010623t2007 xxu||||| |||| 00| 1 sin d
040 _aLK-CoDNM
_dLK-CoDNM
_eLK-CoDNM
041 _asin
080 _a809.13
_bCHU
100 _aRev.Dhammananda, Thumbulle Sri
245 _aචුල්ල වගග පාළි
246 _aChulla Wagga Pali
260 _bSamayawardena
_aColombo
_c2007
300 _b(xvi)161, 21.5 cm
650 _aPali Language
942 _cBK
999 _c126644
_d126644